Statistiken für Länder, die an Saudi-Arabien grenzen

Klicken Sie hier um das Quiz zu spielen!

Allgemein

  • Dieses Quiz wurde 1,542 mal gespielt
  • Das Durchschnittsergebnis liegt bei 7 aus 8

Antwortstatistiken

Länge (km) Land % Correct
1 458Jemen
98%
676Oman
98%
814Irak
94%
457Vereinigte Arabische Emirate
94%
60Katar
92%
744Jordanien
90%
222Kuwait
87%
(Brücke)Bahrain
83%

Verteilung der Resultate

Perzentil nach korrekt beantworteten Fragen

Anzahl Personen mit jedem Resultat

Ihre Resultats-Entwicklung

Sie haben dieses Quiz noch nicht gespielt